Reading, writing, and thinking: critical connections

Gardado en:
Detalles Bibliográficos
Autor Principal: Rosemberg, V. M (Author)
Formato: Libro
Idioma:inglés
Publicado: Nueva York Random House 1989
Subjects:
Tags: Engadir etiqueta
Sen Etiquetas, Sexa o primeiro en etiquetar este rexistro!

MARC

LEADER 00000nam a2200000 a 4500
001 UCU9425
003 CL-VaPUC
008 960816e19890000US |||||||||||||||||eng|d
082 0 4 |a 808.042  |b ROS  |2 21 
100 0 |a Rosemberg, V. M  |e author  |9 530604 
245 1 0 |a Reading, writing, and thinking: critical connections 
300 |a 209 p 
942 |c BK 
945 |d 19960816 00:00:00  |a rleighto 
260 |a Nueva York  |b Random House  |c 1989 
650 0 |a Lectura  |9 307634 
650 0 |a Escritura  |9 264941 
650 0 |a Razonamiento  |9 256520 
650 0 |a Educación lingüística  |9 306506 
650 0 |a Métodos de enseñanza  |9 270413 
650 0 |a Expresión oral  |9 334815 
583 |a last modification  |c 20170927 11:33:47  |k Rodrigo Vera 
999 |c 330684  |d 330682 
952 |0 0  |1 0  |4 0  |6 808_042000000000000_ROS_1989  |7 0  |8 A  |9 416383  |a FDOPOS  |b FDOPOS  |d 2019-11-22  |i 322063K  |o 808.042 ROS 1989  |p 322063K  |r 2025-01-22  |w 2019-11-22  |y BK  |k MLA